| 000 | 00942nas a2200313 4500 | ||
|---|---|---|---|
| 001 | BR0404471 | ||
| 003 | BR-BrBNA | ||
| 005 | 20231205104836.0 | ||
| 007 | ta | ||
| 008 | 230509b bl.|||p| |||| 00| 00por d | ||
| 040 |
_aBR-BrBNA _bpor _cBiblioteca Nacional de Agricultura |
||
| 041 | _a(Pt) | ||
| 072 | _aQ02 | ||
| 100 | 1 | _aMendonça, M. da C. | |
| 100 | 1 | _aNascimento, A.S. do | |
| 100 | 1 | _aCaldas, R.C. | |
| 245 | 1 | _aCurvas de difusão de calor em frutos de três variedades de mangas submetidos ao tratamento hidrotérmico | |
| 650 | _aMANGA | ||
| 650 | _aVARIEDADE | ||
| 650 | _aTRATAMENTO HIDROTÉRMICO | ||
| 650 | _aPÓS-COLHEITA | ||
| 650 | _aMODELO MATEMÁTICO | ||
| 650 | _aCALOR | ||
| 650 | _aMOSCA DAS FRUTAS | ||
| 650 | _aQUARENTENA | ||
| 773 | 0 |
_tRevista Ceres (Brazil) _xISSN 0034-737X _g(Mar-Apr 2004), v. 51(294) p. 285-294 _wBR0404471 |
|
| 909 |
_a202311 _bLúcia _c55 _dLúcia Elande |
||
| 942 |
_2AGRIS _n0 _cANA |
||
| 999 |
_c179924 _d179924 |
||